[Event "Titled Tuesday intern op 12th Dec Early"]
[Site "Chess.com INT"]
[Date "2023.12.12"]
[Round "2"]
[White "Adamczyk, Zuzanna"]
[Black "Valle Luis, Leo"]
[Result "0-1"]
[WhiteElo "1978"]
[BlackElo "2214"]
[PlyCount "120"]
[EventDate "2023.12.12"]
[EventType "swiss (blitz)"]
[EventRounds "11"]
[EventCountry "USA"]
[SourceTitle "CB51_2023"]
[SourceDate "2023.12.20"]
[SourceVersion "1"]
[SourceVersionDate "2023.12.20"]
[SourceQuality "1"]

1. e4 c6 2. d4 d5 3. f3 e6 4. Nc3 Nf6 5. e5 Nfd7 6. Nce2 c5 7. c3 Nc6 8. f4 Qb6 9. Nf3 Be7 10. f5 cxd4 11. cxd4 exf5 12. Nf4 Bb4+ 13. Bd2 Ne7 14. a3 Bxd2+ 15. Qxd2 Nf8 16. a4 a6 17. a5 Qd8 18. Bd3 Ne6 19. 0-0 Nxf4 20. Qxf4 Be6 21. Rfc1 h6 22. h4 0-0 23. Ra3 Rc8 24. Rxc8 Bxc8 25. h5 Qc7 26. Nh4 b6 27. Bb1 bxa5 28. Rg3 Kh8 29. Bxf5 Nxf5 30. Nxf5 Bxf5 31. Qxf5 Qc1+ 32. Kh2 Qd1 33. e6 Qxd4 34. exf7 Qh4+ 35. Rh3 Qe7 36. Rf3 Qh4+ 37. Rh3 Qd8 38. Rg3 Qc7 39. Kh3 Qxf7 40. Qxf7 Rxf7 41. Ra3 Rf5 42. g4 Re5 43. Rxa5 Re3+ 44. Kh4 d4 45. Rxa6 Rb3 46. Rd6 d3 47. g5 hxg5+ 48. Kxg5 Kg8 49. Kg6 Kf8 50. Rd8+ Ke7 51. Rd4 Rb5 52. Kxg7 Rxh5 53. Rxd3 Rb5 54. b3 Ke6 55. Kg6 Ke5 56. Kg5 Ke4+ 57. Kf6 Kxd3 58. Ke6 Rxb3 59. Kd5 Rc3 60. Ke5 Rc4 0-1

[Event "Titled Tuesday intern op 12th Dec Early"]
[Site "Chess.com INT"]
[Date "2023.12.12"]
[Round "4"]
[White "Tikhonov, Viacheslav"]
[Black "Adamczyk, Zuzanna"]
[Result "1-0"]
[WhiteElo "2160"]
[BlackElo "1978"]
[PlyCount "75"]
[EventDate "2023.12.12"]
[EventType "swiss (blitz)"]
[EventRounds "11"]
[EventCountry "USA"]
[SourceTitle "CB51_2023"]
[SourceDate "2023.12.20"]
[SourceVersion "1"]
[SourceVersionDate "2023.12.20"]
[SourceQuality "1"]

1. e4 c5 2. Nf3 e6 3. b3 Nf6 4. e5 Nd5 5. Bb2 Nc6 6. g3 b6 7. Bg2 Bb7 8. d4 f5 9. c4 Ndb4 10. a3 Na6 11. d5 Nd4 12. Nxd4 cxd4 13. b4 b5 14. cxb5 Nc7 15. Qxd4 Bxd5 16. Bxd5 Nxd5 17. Nc3 Nxc3 18. Bxc3 Qb6 19. 0-0-0 Qxd4 20. Rxd4 h5 21. Rhd1 Rd8 22. h4 Be7 23. f4 Rh6 24. Kb2 Rg6 25. Be1 Rg4 26. Kb3 Rg6 27. a4 Rg4 28. a5 g6 29. Bf2 Rb8 30. Ka4 d5 31. exd6 Bf6 32. d7+ Kd8 33. Rc4 e5 34. Bxa7 Rb7 35. Rc8+ Ke7 36. d8Q+ Kf7 37. Qg8+ Ke7 38. Bc5# 1-0

[Event "POL-chT 1st League"]
[Site "Leba"]
[Date "2023.09.29"]
[Round "7.1"]
[White "Majdan, Joanna"]
[Black "Adamczyk, Zuzanna"]
[Result "1-0"]
[WhiteElo "2306"]
[BlackElo "1973"]
[PlyCount "81"]
[EventDate "2023.09.23"]
[EventType "team-swiss"]
[EventRounds "9"]
[EventCountry "POL"]
[SourceTitle "EXT 2024"]
[Source "ChessBase"]
[SourceDate "2023.10.10"]
[SourceVersion "1"]
[SourceVersionDate "2023.10.10"]
[SourceQuality "1"]
[WhiteTeam "Bydgoszcz Energia Gwiazda"]
[BlackTeam "Strzelce Opolskie Strzelec"]
[WhiteTeamCountry "POL"]
[BlackTeamCountry "POL"]

1. e4 c6 2. Nc3 d5 3. Nf3 dxe4 4. Nxe4 Nf6 5. Qe2 Nxe4 6. Qxe4 Be6 7. Be2 Nd7 8. 0-0 Nf6 9. Qh4 Bf5 10. d3 e6 11. h3 Be7 12. Qc4 h6 13. a4 Qd5 14. Qf4 a5 15. c4 Qd6 16. Qe3 0-0 17. d4 c5 18. b3 Qc7 19. Bb2 Rfd8 20. Rad1 cxd4 21. Nxd4 Bc5 22. Nb5 Bxe3 23. Nxc7 Rxd1 24. Rxd1 Rc8 25. fxe3 Rxc7 26. Rd8+ Kh7 27. Be5 Rc6 28. Bd1 Bg6 29. Ra8 b6 30. Rd8 Ne4 31. Rd7 Nc5 32. Re7 Nd3 33. Bc7 Nc5 34. Bf3 Be4 35. Bxe4+ Nxe4 36. Rxf7 Kg6 37. Re7 Nc5 38. Bd6 Nxb3 39. g4 Kg5 40. Rxg7+ Kh4 41. Kg2 1-0

[Event "POL-chT 1st League"]
[Site "Leba"]
[Date "2023.09.28"]
[Round "6.5"]
[White "Adamczyk, Zuzanna"]
[Black "Toma, Katarzyna"]
[Result "1/2-1/2"]
[WhiteElo "1973"]
[BlackElo "2224"]
[PlyCount "76"]
[EventDate "2023.09.23"]
[EventType "team-swiss"]
[EventRounds "9"]
[EventCountry "POL"]
[SourceTitle "EXT 2024"]
[Source "ChessBase"]
[SourceDate "2023.10.10"]
[SourceVersion "1"]
[SourceVersionDate "2023.10.10"]
[SourceQuality "1"]
[WhiteTeam "Strzelce Opolskie Strzelec"]
[BlackTeam "Czestochowa Hetman"]
[WhiteTeamCountry "POL"]
[BlackTeamCountry "POL"]

1. e4 c5 2. Nf3 d6 3. d4 cxd4 4. Nxd4 Nf6 5. Nc3 a6 6. f3 e5 7. Nb3 Be6 8. Be3 Be7 9. Qd2 h5 10. Nd5 Nxd5 11. exd5 Bf5 12. Be2 Nd7 13. 0-0 g6 14. Rac1 h4 15. Na5 Qc7 16. c4 b6 17. Nc6 a5 18. Nxe7 Kxe7 19. Bf2 f6 20. b3 Nc5 21. h3 Kf7 22. Qc3 Rae8 23. a3 e4 24. Bd4 Qd8 25. Rcd1 exf3 26. Bxf3 Ne4 27. Bxe4 Rxe4 28. Rde1 Rhe8 29. Rxe4 Rxe4 30. Re1 a4 31. Rxe4 Bxe4 32. bxa4 f5 33. Bh8 Qg5 34. Qg7+ Ke8 35. Qg8+ Kd7 36. Qe6+ Kc7 37. Qf7+ Kb8 38. Qe8+ Ka7 1/2-1/2

[Event "POL-chT 1st League"]
[Site "Leba"]
[Date "2023.09.27"]
[Round "5.7"]
[White "Rykala, Monika"]
[Black "Adamczyk, Zuzanna"]
[Result "0-1"]
[WhiteElo "1896"]
[BlackElo "1973"]
[PlyCount "120"]
[EventDate "2023.09.23"]
[EventType "team-swiss"]
[EventRounds "9"]
[EventCountry "POL"]
[SourceTitle "EXT 2024"]
[Source "ChessBase"]
[SourceDate "2023.10.10"]
[SourceVersion "1"]
[SourceVersionDate "2023.10.10"]
[SourceQuality "1"]
[WhiteTeam "Bydgoszcz Hetman"]
[BlackTeam "Strzelce Opolskie Strzelec"]
[WhiteTeamCountry "POL"]
[BlackTeamCountry "POL"]

1. d4 Nf6 2. Nf3 e6 3. Bf4 c5 4. e3 Qb6 5. Qc1 Nh5 6. Be5 Nc6 7. dxc5 Bxc5 8. Bc3 d5 9. Be2 Nf6 10. Nbd2 Bd7 11. Nb3 Bd6 12. Nfd4 Nxd4 13. Bxd4 Qc7 14. Bxf6 gxf6 15. Bf3 f5 16. Qd2 b5 17. Rd1 Rc8 18. c3 a5 19. Be2 b4 20. c4 a4 21. Nd4 dxc4 22. Nxf5 Be5 23. Nd6+ Bxd6 24. Qxd6 Qxd6 25. Rxd6 c3 26. bxc3 Ke7 27. Rd4 bxc3 28. 0-0 Rb8 29. Bd3 Rb2 30. Rc4 Rc8 31. Rxc8 Bxc8 32. Rc1 Rxa2 33. Kf1 Rd2 34. Bc4 c2 35. Ke1 Rd1+ 36. Rxd1 cxd1Q+ 37. Kxd1 Kd6 38. Kd2 Kc5 39. Kc3 Bb7 40. f3 h6 41. e4 Bc6 42. g4 Kd6 43. Kd4 f6 44. h4 e5+ 45. Ke3 Bd7 46. Kd3 Kc5 47. Kc3 Bb5 48. Bd5 Be2 49. Be6 Bxf3 50. Bf5 a3 51. Kb3 Kd4 52. Kxa3 Bxe4 53. Be6 Bf3 54. Kb2 Ke4 55. Kc2 Kf4 56. g5 hxg5 57. hxg5 fxg5 58. Kd2 e4 59. Ke1 Kg3 60. Bf5 Kh2 0-1

[Event "POL-chT 1st League"]
[Site "Leba"]
[Date "2023.09.23"]
[Round "1.5"]
[White "Fraczek, Weronika"]
[Black "Adamczyk, Zuzanna"]
[Result "1-0"]
[WhiteElo "1881"]
[BlackElo "1973"]
[PlyCount "117"]
[EventDate "2023.09.23"]
[EventType "team-swiss"]
[EventRounds "9"]
[EventCountry "POL"]
[SourceTitle "EXT 2024"]
[Source "ChessBase"]
[SourceDate "2023.10.10"]
[SourceVersion "1"]
[SourceVersionDate "2023.10.10"]
[SourceQuality "1"]
[WhiteTeam "Lublin LKSz"]
[BlackTeam "Strzelce Opolskie Strzelec"]
[WhiteTeamCountry "POL"]
[BlackTeamCountry "POL"]

1. e4 c5 2. Nf3 e6 3. d4 cxd4 4. Nxd4 Nf6 5. Nc3 Nc6 6. Nxc6 bxc6 7. e5 Nd5 8. Ne4 Qc7 9. f4 Qb6 10. c4 Bb4+ 11. Ke2 f5 12. Nf2 Ba6 13. Kf3 Nc7 14. Be3 Qb7 15. Kg3 Be7 16. Qc2 Kf7 17. Nd3 g5 18. fxg5 Rag8 19. Be2 Bxg5 20. Bh5+ Kf8 21. Bc5+ Be7+ 22. Kh3 Rg5 23. Bf3 h5 24. Qd2 Rhg8 25. Bxe7+ Kxe7 26. Nc5 Qc8 27. Qd6+ Kf7 28. b3 Ne8 29. Qxd7+ Qxd7 30. Nxd7 f4 31. Rhf1 Ng7 32. g3 Nf5 33. gxf4 R5g7 34. Nf6 Rh8 35. Rad1 Bc8 36. Rg1 h4 37. Bh5+ Ke7 38. Rxg7+ Nxg7 39. Bf3 c5 40. Bb7 Nf5 41. Bxc8 Rxc8 42. Rd7+ Kf8 43. Rh7 Rc6 44. Rxa7 Rc8 45. Rb7 Ra8 46. Nd7+ Ke8 47. Nxc5 Rxa2 48. Nxe6 Ne3 49. Nc7+ Kd8 50. Nd5 Nf1 51. Kxh4 Rxh2+ 52. Kg5 Ng3 53. e6 Ne4+ 54. Kg4 Kc8 55. Rc7+ Kb8 56. Rf7 Nd6 57. e7 Re2 58. Rf8+ Kb7 59. c5 1-0

[Event "Katowice POL-HUN 10th"]
[Site "Katowice"]
[Date "2023.09.09"]
[Round "3"]
[White "Adamczyk, Zuzanna"]
[Black "Amura, Claudia Noemi"]
[Result "1-0"]
[WhiteElo "1973"]
[BlackElo "2205"]
[PlyCount "77"]
[EventDate "2023.09.09"]
[EventType "swiss (rapid)"]
[EventRounds "9"]
[EventCountry "POL"]
[SourceTitle "EXT 2024"]
[Source "ChessBase"]
[SourceDate "2023.10.10"]
[SourceVersion "1"]
[SourceVersionDate "2023.10.10"]
[SourceQuality "1"]

1. d4 d5 2. c4 Nc6 3. e3 e5 4. dxe5 dxc4 5. Qxd8+ Kxd8 6. Bxc4 Nxe5 7. Be2 Bf5 8. Nf3 Bd6 9. Nxe5 Bxe5 10. Nc3 c6 11. Bd2 Kc7 12. f4 Bf6 13. e4 Bd7 14. Rc1 Kd8 15. Be3 g6 16. e5 Be7 17. Ne4 Bb4+ 18. Kf2 Ne7 19. Rhd1 Kc7 20. a3 Ba5 21. Bc5 Bb6 22. h3 h5 23. Ng5 Rhf8 24. Bxb6+ axb6 25. Bc4 Be8 26. e6 f6 27. Nh7 Rh8 28. Nxf6 Rf8 29. Nxe8+ Raxe8 30. Rd7+ Kb8 31. g3 g5 32. Kf3 gxf4 33. gxf4 Ng6 34. Rf7 Nh4+ 35. Kf2 Nf5 36. Rd1 Ne3 37. Rd4 c5 38. Rxf8 Rxf8 39. e7 1-0

[Event "Warsaw Maciei Memorial"]
[Site "Warsaw"]
[Date "2023.07.10"]
[Round "9"]
[White "Bartel, Michal"]
[Black "Adamczyk, Zuzanna"]
[Result "1-0"]
[WhiteElo "2252"]
[BlackElo "1959"]
[PlyCount "103"]
[EventDate "2023.07.10"]
[EventType "swiss (blitz)"]
[EventRounds "11"]
[EventCountry "POL"]
[SourceTitle "CBM 215 Extra"]
[Source "ChessBase"]
[SourceDate "2023.09.30"]
[SourceVersion "1"]
[SourceVersionDate "2023.09.30"]
[SourceQuality "1"]

1. e4 c5 2. Ne2 Nc6 3. g3 g6 4. Bg2 Bg7 5. c3 e5 6. d3 Nge7 7. Be3 d6 8. 0-0 0-0 9. Nd2 Be6 10. f4 Qd7 11. Nf3 b6 12. Ng5 Rac8 13. Nxe6 fxe6 14. d4 cxd4 15. cxd4 exd4 16. Nxd4 Nxd4 17. Bxd4 e5 18. Bxe5 Bxe5 19. fxe5 Rxf1+ 20. Qxf1 dxe5 21. Rd1 Qc7 22. Bh3 Rf8 23. Qe2 Qc5+ 24. Kg2 Nc6 25. Rd5 Qe7 26. Rd1 Nd4 27. Qc4+ Qf7 28. Qxf7+ Kxf7 29. Rc1 Re8 30. Rc7+ Re7 31. Rc8 Re8 32. Rc3 Re7 33. Bg4 h5 34. Bd1 Kf6 35. h4 Re6 36. Rc8 Rc6 37. Ra8 a5 38. Ra7 Rc1 39. Ba4 Rb1 40. b3 Rb2+ 41. Kf1 Rxa2 42. Ra6 Ra1+ 43. Kf2 Ra2+ 44. Ke1 Rg2 45. Rxb6+ Kg7 46. Ra6 Rxg3 47. Rxa5 Rg4 48. Ra7+ Kh6 49. b4 Rxe4+ 50. Kd2 Rxh4 51. Be8 g5 52. b5 1-0

[Event "Warsaw Maciei Memorial"]
[Site "Warsaw"]
[Date "2023.07.10"]
[Round "7"]
[White "Koziorowicz, Michal"]
[Black "Adamczyk, Zuzanna"]
[Result "1-0"]
[WhiteElo "2307"]
[BlackElo "1959"]
[PlyCount "55"]
[EventDate "2023.07.10"]
[EventType "swiss (blitz)"]
[EventRounds "11"]
[EventCountry "POL"]
[SourceTitle "CBM 215 Extra"]
[Source "ChessBase"]
[SourceDate "2023.09.30"]
[SourceVersion "1"]
[SourceVersionDate "2023.09.30"]
[SourceQuality "1"]

1. e4 c5 2. Nf3 e6 3. d4 cxd4 4. Nxd4 Nf6 5. Nc3 Nc6 6. Be2 d6 7. 0-0 Be7 8. Be3 0-0 9. f4 Nxd4 10. Bxd4 b6 11. Qe1 Bb7 12. Qg3 Re8 13. Bd3 Bf8 14. Kh1 d5 15. e5 Nd7 16. f5 Nc5 17. f6 Nxd3 18. fxg7 Bc5 19. Qxd3 Bxd4 20. Qxd4 Rc8 21. Rf6 Rc4 22. Qf2 Qd7 23. Rf1 Re7 24. Rh6 d4 25. Qh4 Qc6 26. Rg1 dxc3 27. Qxe7 Rg4 28. Qf8# 1-0

[Event "Malopolska-ch"]
[Site "Krakow"]
[Date "2023.06.08"]
[Round "2"]
[White "Doraszelski, Alexander"]
[Black "Adamczyk, Zuzanna"]
[Result "1-0"]
[WhiteElo "2132"]
[BlackElo "1976"]
[PlyCount "85"]
[EventDate "2023.06.08"]
[EventType "swiss"]
[EventRounds "7"]
[EventCountry "POL"]
[SourceTitle "CBM 214 Extra"]
[Source "ChessBase"]
[SourceDate "2023.07.31"]
[SourceVersion "1"]
[SourceVersionDate "2023.07.31"]
[SourceQuality "1"]

1. e4 c5 2. Nc3 g6 3. d4 cxd4 4. Qxd4 Nf6 5. Nf3 Nc6 6. Qa4 d6 7. e5 dxe5 8. Nxe5 Bg7 9. Nxc6 bxc6 10. Be2 Bb7 11. 0-0 0-0 12. Qh4 Re8 13. Rb1 Qc7 14. Bf4 Qc8 15. Bg5 Ba6 16. Rfe1 Bxe2 17. Rxe2 Qb7 18. b3 Rad8 19. Rbe1 c5 20. Ne4 Nxe4 21. Rxe4 f6 22. Be3 Qd5 23. Ra4 Qd1 24. Qc4+ e6 25. Rxd1 Rxd1+ 26. Qf1 Rxf1+ 27. Kxf1 Rc8 28. Rxa7 c4 29. b4 Rb8 30. Bc5 f5 31. a4 Bc3 32. b5 Rc8 33. Be3 f4 34. Bxf4 Bd4 35. Rd7 e5 36. Be3 Ra8 37. Bxd4 exd4 38. b6 Rxa4 39. b7 Ra1+ 40. Ke2 d3+ 41. cxd3 cxd3+ 42. Rxd3 Rb1 43. Rd8+ 1-0

[Event "Jastrzebie Zdroj op"]
[Site "Jastrzebie Zdroj"]
[Date "2022.11.24"]
[Round "7"]
[White "Bochenek, Piotr"]
[Black "Adamczyk, Zuzanna"]
[Result "0-1"]
[WhiteElo "1246"]
[BlackElo "1982"]
[PlyCount "62"]
[EventDate "2022.11.19"]
[EventType "swiss"]
[EventRounds "9"]
[EventCountry "POL"]
[SourceTitle "CBM 211 Extra"]
[Source "ChessBase"]
[SourceDate "2023.01.31"]
[SourceVersion "1"]
[SourceVersionDate "2023.01.31"]
[SourceQuality "1"]

1. d4 Nf6 2. c4 e6 3. Nf3 d5 4. Nc3 dxc4 5. e4 b5 6. a3 a6 7. Bg5 Be7 8. Be2 0-0 9. 0-0 Bb7 10. Qc2 c5 11. dxc5 Nbd7 12. Rfd1 Qc7 13. c6 Bxc6 14. Nd4 Bb7 15. Bf3 Ne5 16. Nce2 Rac8 17. Rac1 h6 18. Be3 Bd6 19. Ng3 Nd3 20. Rxd3 cxd3 21. Qxd3 Qb8 22. Re1 Rfd8 23. Qb3 Bxg3 24. hxg3 Qe5 25. Qb4 Rc4 26. Qa5 Rcxd4 27. Bxd4 Qxd4 28. Rd1 Qxd1+ 29. Bxd1 Rxd1+ 30. Kh2 Ng4+ 31. Kh3 Nxf2+ 0-1

[Event "Ustron op-B"]
[Site "Ustron"]
[Date "2022.08.13"]
[Round "2"]
[White "Madej, Marek"]
[Black "Adamczyk, Zuzanna"]
[Result "1-0"]
[WhiteElo "1981"]
[BlackElo "1906"]
[PlyCount "89"]
[EventDate "2022.08.12"]
[EventType "swiss"]
[EventRounds "9"]
[EventCountry "POL"]
[SourceTitle "CBM 209 Extra"]
[Source "ChessBase"]
[SourceDate "2022.09.30"]
[SourceVersion "1"]
[SourceVersionDate "2022.09.30"]
[SourceQuality "1"]

1. e4 c6 2. d4 d5 3. e5 Bf5 4. h4 h5 5. Bd3 Bxd3 6. Qxd3 Qa5+ 7. Nd2 e6 8. Ngf3 Qa6 9. c4 c5 10. Qb3 Nc6 11. 0-0 Rd8 12. cxd5 Rxd5 13. dxc5 Bxc5 14. Ne4 Nge7 15. Be3 Bxe3 16. Nd6+ Kf8 17. fxe3 Rd3 18. Qc2 Nf5 19. Nxf5 exf5 20. Rad1 Rxd1 21. Rxd1 g6 22. e6 Qa5 23. Rd7 fxe6 24. Rxb7 Ne7 25. b4 Qd8 26. Ne5 Rg8 27. Rd7 Qb6 28. Qc5 Qxc5 29. bxc5 Kg7 30. Nc6 Kf6 31. Nxe7 Re8 32. c6 Rxe7 33. c7 Rxd7 34. c8Q Rd1+ 35. Kh2 Rd3 36. Qh8+ Kf7 37. Qh7+ Kf6 38. Qxa7 Ke5 39. Qc7+ Ke4 40. Qf4+ Kd5 41. a4 e5 42. Qb4 Rxe3 43. a5 Re4 44. Qb5+ Kd4 45. a6 1-0

[Event "Titled Tuesday intern op 07th Jun Late"]
[Site "Chess.com INT"]
[Date "2022.06.07"]
[Round "1"]
[White "Przybylski, Wojciech"]
[Black "Adamczyk, Zuzanna"]
[Result "1-0"]
[WhiteElo "2321"]
[BlackElo "1909"]
[PlyCount "129"]
[EventDate "2022.06.07"]
[EventType "swiss (blitz)"]
[EventRounds "11"]
[EventCountry "USA"]
[SourceTitle "CBM 208 Extra"]
[Source "ChessBase"]
[SourceDate "2022.07.31"]
[SourceVersion "1"]
[SourceVersionDate "2022.07.31"]
[SourceQuality "1"]

1. d4 d5 2. Nf3 Nf6 3. g3 Bf5 4. Bg2 e6 5. 0-0 Be7 6. c4 c6 7. Nc3 0-0 8. h3 h6 9. b3 Nbd7 10. Bb2 Re8 11. g4 Bh7 12. Ne5 Ne4 13. Nxe4 Bxe4 14. f3 Bh7 15. e4 Nxe5 16. dxe5 dxe4 17. fxe4 Bc5+ 18. Kh2 Qxd1 19. Raxd1 Rad8 20. Bc3 Kf8 21. b4 Be3 22. Kg3 Ke7 23. Kf3 Bb6 24. c5 Bc7 25. Rd6 Bxd6 26. exd6+ Kd7 27. Bxg7 f5 28. gxf5 exf5 29. e5 Re6 30. Bf6 Rg8 31. Kf2 f4 32. Rd1 Rg3 33. Rd4 Ra3 34. Rxf4 Rxa2+ 35. Kg3 Re8 36. Bf3 Ra3 37. Kh4 Bg8 38. Bh5 Rf8 39. Bg4+ Be6 40. Re4 Rd3 41. Re2 Rg8 42. Re4 Rf8 43. Bg7 Bxg4 44. Bxf8 Bxh3 45. Bxh6 Be6 46. Kg5 Rc3 47. Kf6 Rc4 48. Re3 Rxb4 49. Rg3 Rg4 50. Rf3 a5 51. Bg5 a4 52. Kg6 Bb3 53. Rf8 Rg3 54. Rd8+ Ke6 55. Re8+ Kd5 56. d7 Kxc5 57. d8Q a3 58. Qe7+ Kb5 59. Qxa3 Be6 60. Rxe6 Rxa3 61. Kf5 Rb3 62. Re7 Rc3 63. Rxb7+ Kc5 64. Rd7 Rf3+ 65. Bf4 1-0

[Event "POL-ch U18 Girls"]
[Site "Sypniewo"]
[Date "2022.03.23"]
[Round "5"]
[White "Adamczyk, Zuzanna"]
[Black "Wawrzyniak, Weronika"]
[Result "1-0"]
[WhiteElo "1889"]
[BlackElo "1493"]
[PlyCount "87"]
[EventDate "2022.03.19"]
[EventType "swiss"]
[EventRounds "9"]
[EventCountry "POL"]
[SourceTitle "CBM 207 Extra"]
[Source "ChessBase"]
[SourceDate "2022.05.31"]
[SourceVersion "1"]
[SourceVersionDate "2022.05.31"]
[SourceQuality "1"]

1. d4 d5 2. c4 e6 3. Nf3 Nf6 4. g3 Be7 5. Bg2 0-0 6. 0-0 dxc4 7. Qc2 a6 8. a4 Nc6 9. Qxc4 Nb4 10. Bd2 a5 11. Ne5 c6 12. Bxb4 Bxb4 13. Na3 Nd5 14. Nc2 Be7 15. Nd3 Bd7 16. Qb3 b5 17. axb5 cxb5 18. Bxd5 exd5 19. Qxd5 Qc8 20. Ne3 Bc6 21. Qf5 Bd7 22. Qf3 Bc6 23. d5 Bb7 24. Nf5 Bf6 25. Nd6 Qd7 26. Nxb7 Qxb7 27. e4 Rfe8 28. Rfe1 Qc7 29. Rac1 Qb8 30. Rc6 b4 31. d6 Ra7 32. e5 Bd8 33. Nc5 a4 34. e6 fxe6 35. d7 Rf8 36. Qe3 e5 37. Rc8 Qd6 38. Qxe5 Qxe5 39. Rxe5 a3 40. bxa3 bxa3 41. Rxd8 a2 42. Rxf8+ Kxf8 43. d8Q+ Kf7 44. Qe8+ 1-0

[Event "POL-ch U18 Girls"]
[Site "Sypniewo"]
[Date "2022.03.20"]
[Round "2"]
[White "Sloniewska, Alicja"]
[Black "Adamczyk, Zuzanna"]
[Result "1-0"]
[WhiteElo "1700"]
[BlackElo "1889"]
[PlyCount "105"]
[EventDate "2022.03.19"]
[EventType "swiss"]
[EventRounds "9"]
[EventCountry "POL"]
[SourceTitle "CBM 207 Extra"]
[Source "ChessBase"]
[SourceDate "2022.05.31"]
[SourceVersion "1"]
[SourceVersionDate "2022.05.31"]
[SourceQuality "1"]

1. d4 f5 2. c4 Nf6 3. Nc3 g6 4. Nf3 Bg7 5. g3 d6 6. Bg2 0-0 7. 0-0 Qe8 8. d5 Na6 9. Rb1 Nc5 10. Be3 h6 11. b4 Nce4 12. Bd4 e5 13. dxe6 Bxe6 14. Nxe4 fxe4 15. Nd2 Bf5 16. Rb3 Qe7 17. Bxf6 Bxf6 18. Bxe4 Bxe4 19. Re3 d5 20. cxd5 Qxb4 21. Nxe4 Bd4 22. Rb3 Qc4 23. Qd3 Qxd3 24. Rxd3 Bb6 25. e3 Rad8 26. Rfd1 Rf7 27. Kg2 Kg7 28. f3 Rdf8 29. Nd2 Re8 30. e4 g5 31. Nc4 g4 32. Nxb6 axb6 33. Re1 Rfe7 34. Rde3 gxf3+ 35. Kxf3 Rf7+ 36. Kg2 Re5 37. Rc1 Kg6 38. Rd1 Rf6 39. Rc1 Rf7 40. Rc4 Kg5 41. Rf3 Rfe7 42. Rf4 b5 43. Rd4 c5 44. dxc6 bxc6 45. Kf3 Rc5 46. Rd6 Rc3+ 47. Kg2 Rc2+ 48. Kh3 Re5 49. Rg4+ Kh5 50. Rh4+ Kg5 51. Rdxh6 Rxh2+ 52. Kxh2 Rxe4 53. Rxe4 1-0

[Event "POL-ch Ekstraliga-A Rapid"]
[Site "Bydgoszcz"]
[Date "2022.03.12"]
[Round "7.4"]
[White "Sliwicka, Alicja"]
[Black "Adamczyk, Zuzanna"]
[Result "1-0"]
[WhiteElo "2274"]
[BlackElo "1889"]
[PlyCount "45"]
[EventDate "2022.03.11"]
[EventType "team-tourn (rapid)"]
[EventRounds "10"]
[EventCountry "POL"]
[SourceTitle "CBM 207 Extra"]
[Source "ChessBase"]
[SourceDate "2022.05.31"]
[SourceVersion "1"]
[SourceVersionDate "2022.05.31"]
[SourceQuality "1"]
[WhiteTeam "Bydgoszcz Hetman"]
[BlackTeam "Jastrzebie Zdroj Pionier"]
[WhiteTeamCountry "POL"]
[BlackTeamCountry "POL"]

1. e4 c6 2. d4 d5 3. e5 Bf5 4. c4 e6 5. Nc3 Bb4 6. Qb3 Qe7 7. a3 Ba5 8. Qa2 Nd7 9. b4 Bc7 10. c5 b6 11. Be3 a5 12. b5 bxc5 13. bxc6 Nb8 14. Qb2 Ra7 15. Nb5 Ra8 16. Nd6+ Bxd6 17. exd6 Qa7 18. c7 Nc6 19. dxc5 Nf6 20. Qb5 Kd7 21. Nf3 Ng4 22. Nd4 Nxe3 23. fxe3 1-0

[Event "EU-ch Blitz"]
[Site "Katowice"]
[Date "2021.12.17"]
[Round "2"]
[White "Adamczyk, Zuzanna"]
[Black "Duda, Jan Krzysztof"]
[Result "0-1"]
[WhiteElo "2047"]
[BlackElo "2760"]
[PlyCount "53"]
[EventDate "2021.12.17"]
[EventType "swiss (blitz)"]
[EventRounds "22"]
[EventCountry "POL"]
[SourceTitle "CBM 205 Extra"]
[Source "ChessBase"]
[SourceDate "2022.01.31"]
[SourceVersion "1"]
[SourceVersionDate "2022.01.31"]
[SourceQuality "1"]

1. d4 Nf6 2. c4 e6 3. g3 c5 4. d5 exd5 5. cxd5 d6 6. Nc3 g6 7. Bg2 Bg7 8. Nf3 0-0 9. 0-0 Re8 10. Bf4 a6 11. a4 b6 12. Re1 Nh5 13. Bg5 Qc7 14. e4 Nd7 15. Qd2 Rb8 16. Bh6 Bh8 17. Bf1 Nhf6 18. Qc2 Ng4 19. Bf4 Bg7 20. h3 Nge5 21. Nd2 c4 22. Be3 Nc5 23. Nxc4 Nf3+ 24. Kg2 Nxe1+ 25. Rxe1 b5 26. axb5 axb5 27. b4 0-1

[Event "EU-ch Blitz"]
[Site "Katowice"]
[Date "2021.12.17"]
[Round "1"]
[White "Duda, Jan Krzysztof"]
[Black "Adamczyk, Zuzanna"]
[Result "1-0"]
[WhiteElo "2760"]
[BlackElo "2047"]
[PlyCount "57"]
[EventDate "2021.12.17"]
[EventType "swiss (blitz)"]
[EventRounds "22"]
[EventCountry "POL"]
[SourceTitle "CBM 205 Extra"]
[Source "ChessBase"]
[SourceDate "2022.01.31"]
[SourceVersion "1"]
[SourceVersionDate "2022.01.31"]
[SourceQuality "1"]

1. e4 c6 2. Nf3 d5 3. Nc3 dxe4 4. Nxe4 Nf6 5. Qe2 Nxe4 6. Qxe4 Qd5 7. Qe3 Nd7 8. c4 Qd6 9. d4 g6 10. Be2 Bg7 11. 0-0 Nf6 12. h3 0-0 13. Rd1 h6 14. b3 Be6 15. Bb2 Rfd8 16. Ne5 Rac8 17. Rd2 Qc7 18. Nxg6 Qd6 19. Ne5 Bf5 20. Bf3 Nd7 21. Rad1 Nxe5 22. dxe5 Qc7 23. Qxa7 Rxd2 24. Rxd2 Bxe5 25. Qe3 Bxb2 26. Rxb2 Qd6 27. Rd2 Qg6 28. Kh2 b5 29. Qxe7 1-0

[Event "Jastrzebie Zdroj op 4th"]
[Site "Jastrzebie Zdroj"]
[Date "2021.11.12"]
[Round "8"]
[White "Posluszny, Tomasz"]
[Black "Adamczyk, Zuzanna"]
[Result "1/2-1/2"]
[WhiteElo "2034"]
[BlackElo "2035"]
[PlyCount "55"]
[EventDate "2021.11.07"]
[EventType "swiss"]
[EventRounds "9"]
[EventCountry "POL"]
[SourceTitle "CBM 205 Extra"]
[Source "ChessBase"]
[SourceDate "2022.01.31"]
[SourceVersion "1"]
[SourceVersionDate "2022.01.31"]
[SourceQuality "1"]

1. d4 d5 2. Nc3 Nf6 3. Bf4 a6 4. e3 Bf5 5. f3 c5 6. dxc5 Nc6 7. Bd3 Bxd3 8. Qxd3 e6 9. 0-0-0 Bxc5 10. g4 Qa5 11. Kb1 Rd8 12. Nge2 b5 13. Nd4 Qb6 14. Nb3 Bd6 15. Bxd6 Rxd6 16. g5 Ne5 17. Qd4 Nfd7 18. f4 Qxd4 19. Nxd4 Nc4 20. Rhe1 Nc5 21. Nb3 Rc6 22. e4 Nxe4 23. Nxe4 dxe4 24. Rxe4 Ke7 25. Nd4 Rc5 26. Nb3 Rc6 27. Nd4 Rc5 28. Nb3 1/2-1/2

[Event "Jastrzebie Zdroj op 4th"]
[Site "Jastrzebie Zdroj"]
[Date "2021.11.10"]
[Round "5"]
[White "Dylong, Antoni"]
[Black "Adamczyk, Zuzanna"]
[Result "0-1"]
[WhiteElo "1551"]
[BlackElo "2035"]
[PlyCount "60"]
[EventDate "2021.11.07"]
[EventType "swiss"]
[EventRounds "9"]
[EventCountry "POL"]
[SourceTitle "CBM 205 Extra"]
[Source "ChessBase"]
[SourceDate "2022.01.31"]
[SourceVersion "1"]
[SourceVersionDate "2022.01.31"]
[SourceQuality "1"]

1. c4 f5 2. Nc3 Nf6 3. d4 g6 4. g3 Bg7 5. Bg2 0-0 6. Nf3 d6 7. 0-0 Qe8 8. Re1 Qf7 9. Qb3 Ne4 10. Be3 Nxc3 11. bxc3 h6 12. Nd2 c6 13. Rac1 e5 14. dxe5 dxe5 15. Rb1 g5 16. f4 Qe7 17. fxe5 Bxe5 18. Bd4 Nd7 19. Nf3 Bf6 20. c5+ Kh7 21. e4 Nxc5 22. Bxc5 Qxc5+ 23. Kh1 fxe4 24. Rxe4 Qd5 25. Qa3 Qf7 26. Rf1 Be6 27. Ne5 Qg7 28. Qd6 Bd5 29. Nd7 Be7 30. Qxe7 Rxf1+ 0-1